000 00730na a2200253 4500
001 20737
003 MIRAKIL
005 20181213154844.0
008 170126b tu 000 0
035 _a20737
040 _aMilas
_btur
_cTR-AnCHP
041 _atur
082 _a324.2382
_bR32a [t.y.]
090 _a324.2382 R32a [t.y.]
110 _aRefah Partisi
245 _aAdil düzen
_b21 soru/21 cevap
_cRP
260 _aAnkara
_bRefah Partisi
_c[t.y.]
300 _a43 s.
_c20 sm.
610 _aRefah Partisi (RP)
_xBroşürler
610 _aRefah Partisi (RP)
_xPropaganda ve ideolojiler
650 _aSiyasal partiler
_xParti türleri
_yDinci partiler
_zTürkiye
710 _aRefah Partisi (RP)
942 _2ddc
_cBKS
999 _c2056
_d2056